Η μη λεκτική επικοινωνία στην εκπαίδευση : ανασκόπηση της ελληνικής βιβλιογραφίας και αρθρογραφίας : διπλωματική εργασία [μεταπτυχιακή εργασία]

Αποθηκεύτηκε σε:
Λεπτομέρειες βιβλιογραφικής εγγραφής
Κύριος συγγραφέας: Αγγελάκου, Εξακουστή-Πετρούλα Χ.
Συγγραφή απο Οργανισμό/Αρχή: Πανεπιστήμιο Αιγαίου Σχολή Ανθρωπιστικών Επιστημών Τμήμα Επιστημών της Προσχολικής Αγωγής και του Εκπαιδευτικού Σχεδιασμού Πρόγραμμα Μεταπτυχιακών Σπουδών Μοντέλα Σχεδιασμού και Ανάπτυξης Εκπαιδευτικών Μονάδων
Άλλοι συγγραφείς: Σταμάτης, Παναγιώτης Ι., 1967- (Εισηγητής διατριβής)
Μορφή: Thesis Βιβλίο
Γλώσσα:Greek
Δημοσίευση: 2013
Θέματα:
Διαθέσιμο Online:http://hdl.handle.net/11610/14250
Ετικέτες: Προσθήκη ετικέτας
Δεν υπάρχουν, Καταχωρήστε ετικέτα πρώτοι!

MARC

LEADER 00000cam a2200000 i 4500
001 1/37690
008 131029s2013 gre d
035 |l 10115881 
040 |a GR-MY-UA  |b gre  |e aacr 
041 0 |a gre 
082 0 |a 371.1023  |2 (22) 
100 1 |a Αγγελάκου, Εξακουστή-Πετρούλα Χ. 
245 1 2 |a Η μη λεκτική επικοινωνία στην εκπαίδευση :  |b ανασκόπηση της ελληνικής βιβλιογραφίας και αρθρογραφίας : διπλωματική εργασία [μεταπτυχιακή εργασία] /  |c Εξακουστή-Πετρούλα Χ. Αγγελάκου ; επιβλέπων: Σταμάτης Παναγιώτης 
260 |c 2013 
300 |a 110 σ.;  |c 30 εκ. 
500 |a Μέλη εξεταστικής επιτροπής: Νικήτας Πολεμικός, Ιωάννης Χατζηγεωργίου 
502 |a Διατριβή (μεταπτυχιακή) – Πανεπιστήμιο Αιγαίου, Ρόδος, 2013. 
504 |a Βιβλιογραφία: σ. 96-106 
650 0 0 |a Nonverbal communication in education. 
650 0 0 |a Body language. 
650 0 0 |a Communication in education. 
650 0 0 |a Dissertations, Academic  |z Greece. 
700 1 |4 ths  |a Σταμάτης, Παναγιώτης Ι.,   |d 1967- 
710 2 |a Πανεπιστήμιο Αιγαίου   |b Σχολή Ανθρωπιστικών Επιστημών   |b Τμήμα Επιστημών της Προσχολικής Αγωγής και του Εκπαιδευτικού Σχεδιασμού   |b Πρόγραμμα Μεταπτυχιακών Σπουδών Μοντέλα Σχεδιασμού και Ανάπτυξης Εκπαιδευτικών Μονάδων . 
852 |a INST  |b RHODES  |c DIATR  |e 20131029  |h 371.1023 ΑΓΓ  |p 005400035735  |q 005400035735  |t MTXE  |y 23 
852 |a INST  |b RHODES  |c DIATR  |e 20131029  |h 371.1023 ΑΓΓ  |p 005400035736  |q 005400035736  |t MTXE  |y 23 
856 |u http://hdl.handle.net/11610/14250 
901 |a BIBL4-2013-3 
909 |a Ρ  |b 182246 
909 |a Ρ  |b 182247 
924 |a ΑΓΓΕΛΑΚΟΥ  |b ΕΞΑΚΟΥΣΤΗ-ΠΕΤΡΟΥΛΑ Χ.  |y ΡΟΔΟΣ  |z 2013-06 
970 |z 2013/10/29